000 01284nam a2200241 a 4500
001 38367
003 BD-RjUL
005 20211209052801.0
008 151116s1988 ii ||||| |||| 00| 0 ben d
035 _a(BD-RjUL)38472
040 _aBD-RjUL
_bben
_cBD-RjUL
041 _aben
082 _a891.4408
_bGAN 1988
100 _aগঙ্গোপাধ্যায়, নারায়ণ
_9118551
245 _aনারায়ণ গঙ্গোপাধ্যায় রচনাবলী /
_cনারায়ণ গঙ্গোপাধ্যায় ; সম্পাদনা অরিজিৎ গঙ্গোপাধ্যায়, সবিতেন্দ্রনাথ রায়.
_nদ্বাদশ খন্ড
260 _aকলিকাতা :
_bমিত্র ও ঘোষ পাবলিশার্স প্রাঃ লিঃ,
_c১৯৮৮
300 _a৫৩১ পৃ.;
_c২২ সেমি.
650 _aবাংলা সাহিত্য
_xবিবিধ সংগ্রহ
_9118552
650 _aBengali literature
_xMiscellaneous collcetions
_9118553
700 _aগঙ্গোপাধ্যায়, অরিজিৎ
_9118555
700 _aরায়, সবিতেন্দ্রনাথ
_9118558
942 _2ddc
_cBK
999 _c38367
_d38367